Automat : První taneční

Bibliographic Details
Main Author: Hejduk, Petr, 1949-1995 (Composer)
Corporate Author: Sbor Golem (Performer)
Other Authors: Feriová, Jana, 1952- (Singer), Baarová, Iva (Singer), Schmidtová, Šárka (Lyricist), Oulík, Jiří (Lyricist)
Format: CD Audio
Language:Czech
PhysicalDescription:1 gramofónová platňa 18 cm
Published: [Praha] Supraphon [1986]
Subjects:

MARC

LEADER 00000njm a2200000 4500
001 vtls012010807
003 SK-MaSNL
005 20260502100627.0
007 sd cszc p
008 210113s1986 xr sgz g 0 0 cze
028 0 1 |a 1143 3344  |b Supraphon 
028 1 3 |a H 3555/A A  |b Supraphon 
028 1 3 |a H 3556/A A  |b Supraphon 
040 |a SNK  |b slo  |c SNK  |e rda 
041 0 |a cze 
044 |a xr  |c CZ 
072 7 |a 78.011.26  |x Populárna hudba. Populárne piesne. Populárna tanečná hudba  |2 konspekt 
080 |a 78.03.011.26  |2 2011 
080 |a (086.72)  |2 2011 
100 |a Feriová, Jana,  |d 1952-  |4 sng  |9 395091 
245 0 0 |a Automat : První taneční  |c Jana Feriová; Iva Baarová 
264 1 |a [Praha]  |b Supraphon  |c [1986] 
264 4 |c Ⓟ1986 
300 |a 1 gramofónová platňa  |c 18 cm 
336 |a hraná hudba  |b prm  |2 rdacontent 
337 |a audio  |b s  |2 rdamedia 
338 |a iný  |b z  |2 rdacarrier 
340 |a vinyl  |a rda 
344 |a analog  |c 45 ot/min  |g stereo  |2 rda 
500 |a Platňa obsahuje 2 piesne 
500 |a Názov prevzatý z obalu 
500 |a Miesto vydania podľa vydavateľa 
611 2 7 |a Mladá píseň Jihlava  |d (1986 :  |c Jihlava, Česko)  |2 snkbucl  |9 303205 
650 0 7 |a populárna hudba  |2 SNKPH  |9 3428 
650 0 7 |a Popular music  |2 SNKPHeng  |9 90436 
655 7 |a gramofónové platne  |2 SNKPH  |9 74608 
655 7 |a Gramophone records  |2 SNKPHeng  |9 286457 
700 1 |a Baarová, Iva  |4 sng  |9 395092 
700 1 |a Hejduk, Petr,  |d 1949-1995  |4 cmp  |9 199699 
700 1 |a Hádl, Daniel  |4 oth  |9 300527 
700 1 |a Schmidtová, Šárka  |4 lyr  |9 365800 
700 1 |a Oulík, Jiří  |4 lyr  |9 395093 
710 2 |a Sbor Golem  |4 prf  |9 395094 
740 0 2 |a Automat  |h zvukový záznam 
740 0 2 |a První taneční  |h zvukový záznam 
999 |c 644839  |d 646769 
952 |a SNK  |b SNK  |y PREZ  |7 0  |p 17A1419661  |o snkST 762  |i snk1093/86  |0 0  |1 0  |4 0  |d 2021-01-13  |l 0  |r 2026-02-23 18:04:10  |w 2026-02-23